书目信息 |
| 题名: |
考研数学标准全书
|
|
| 作者: | 王式安 , 蔡燧林 , 胡金德 编著 | |
| 分册: | 理工类 | |
| 出版信息: | 北京 对外经济贸易大学出版社 2008.04 |
|
| 页数: | 632页 | |
| 开本: | 26cm | |
| 丛书名: | 2009考研数学全程书系 | |
| 单 册: | ||
| 中图分类: | O13 | |
| 科图分类: | ||
| 主题词: | 高等数学--gao deng shu xue--研究生--入学考试--升学参考资料 | |
| 电子资源: | ||
| ISBN: | 978-7-81134-125-6 | |
| 000 | 01138nam 2200301 450 | |
| 001 | 012009353468 | |
| 005 | 20090420141719.09 | |
| 010 | @a978-7-81134-125-6@dCNY49.80 | |
| 100 | @a20090420d2008 em y0chi0120 ea | |
| 101 | 0 | @achi |
| 102 | @aCN@b110000 | |
| 105 | @aa z 000yy | |
| 106 | @ar | |
| 200 | 1 | @a考研数学标准全书@Akao yan shu xue biao zhun quan shu@i理工类@f王式安 ... [等] 编著@Fwang shi an...[deng]bian zhu |
| 210 | @a北京@c对外经济贸易大学出版社@d2008.04 | |
| 215 | @a632页@c图@d26cm | |
| 225 | 2 | @a2009考研数学全程书系@A2009 kao yan shu xue quan cheng shu xi |
| 300 | @a全国硕士研究生入学考试用书 | |
| 304 | @a题名页题 : 王式安, 蔡燧林, 胡金德, 程杞元编著 | |
| 330 | @a本书内容分为高等数学、线性代数、概率统计三篇。各章由考试内容及要点、考点精讲、例题精讲、模考题训练四部分组成。 | |
| 410 | 0 | @12001 @a2009考研数学全程书系 |
| 606 | 0 | @a高等数学@Agao deng shu xue@x研究生@x入学考试@j升学参考资料 |
| 690 | @aO13@v4 | |
| 701 | 0 | @a王式安@Awang shi an@4编著 |
| 701 | 0 | @a蔡燧林@Acai sui lin@4编著 |
| 701 | 0 | @a胡金德@Ahu jin de@4编著 |
| 801 | 0 | @aCN@bQSSK@c20090420 |
| 905 | @b737849-51@dO13@eW340@f3 | |
| 考研数学标准全书.理工类/王式安 ... [等] 编著.-北京:对外经济贸易大学出版社,2008.04 |
| 632页:图;26cm.-(2009考研数学全程书系) |
| 全国硕士研究生入学考试用书 |
| ISBN 978-7-81134-125-6:CNY49.80 |
| 本书内容分为高等数学、线性代数、概率统计三篇。各章由考试内容及要点、考点精讲、例题精讲、模考题训练四部分组成。 |
| ● |
| 相关链接 |
|
|
|
正题名:考研数学标准全书
索取号:O13/W340
 
预约/预借
| 序号 | 登录号 | 条形码 | 馆藏地/架位号 | 状态 | 备注 |
| 1 | 737849 | 207378498 | 自科库401/401自科库 107排4列6层/ [索取号:O13/W340] | 在馆 | |
| 2 | 737850 | 207378504 | 自科库401/401自科库 107排4列6层/ [索取号:O13/W340] | 在馆 | |
| 3 | 737851 | 207378513 | 自科库401/401自科库 107排4列6层/ [索取号:O13/W340] | 在馆 |